Statistiken für Torschützen Bundesliga Ö 2022/23

Klicken Sie hier um das Quiz zu spielen!

Allgemein

  • Dieses Quiz wurde 3 mal gespielt
  • Das Durchschnittsergebnis liegt bei 4 aus 11

Antwortstatistiken

PlatzToreVereinAntwort% Korrekt
1.21Rapid WienGuido Burgstaller
67%
8.12LASKMarin Ljubicic
67%
5.16Austria KlagenfurtMarkus Pink
67%
11.10AltachAtdhe Nuhiu
33%
3.16SalzburgBenjamin Sesko
33%
2.17Austria WienHaris Tabakovic
33%
6.14LASKKeito Nakamura
33%
9.11LASKRobert Zulj
33%
4.16Wolfsberger ACTai Baribo
33%
10.10SalzburgJunior Adamu
0%
7.132 VereineLukas Fridrikas
0%

Verteilung der Resultate

Perzentil nach korrekt beantworteten Fragen

Anzahl Personen mit jedem Resultat

Ihre Resultats-Entwicklung

Sie haben dieses Quiz noch nicht gespielt